Zpráva o inflaci - říjen 2004 Česká Národní Banka

Gespeichert in:
Bibliographische Detailangaben
Format: Buch
Sprache:Tschechisch
Veröffentlicht: Praha Česká národní banka 2004
Schlagworte:
Tags: Tag hinzufügen
Keine Tags, Fügen Sie das erste Tag hinzu!

MARC

LEADER 00000nam$a2200000$$$4500
001 0024523
005 20240315114816.0
041 0 |a cze 
044 |a CZ 
245 1 0 |a Zpráva o inflaci - říjen 2004  |b Česká Národní Banka 
264 1 |a Praha  |b Česká národní banka  |c 2004 
300 |a 35 s. 
610 2 0 |a banky 
610 2 0 |a bankovníctvo 
610 2 0 |a inflácia 
610 2 0 |a vývoj 
610 2 0 |a vývoj menový 
610 2 0 |a trh finančný 
610 2 0 |a dopyt 
610 2 0 |a ponuka 
610 2 0 |a trh práce 
610 2 0 |a ceny 
610 2 0 |a prognózy 
610 2 0 |a makroekonomika 
610 2 0 |a Česko